| 000 | 00851 a2200205 4500 | ||
|---|---|---|---|
| 001 | 59428 | ||
| 005 | 20260407155848.0 | ||
| 008 | 260407a1973 arg spa d | ||
| 003 | AR-UNSa-BCEJYS | ||
| 040 |
_aAR-UNSa-BCEJYS _bspa _cAR-UNSa-BCEJYS |
||
| 080 |
_a338.2 _xPolítica económica. Control de la economía. Gestión de la economía. Planificación económica |
||
| 245 | 1 | 0 | _aLa economía del subdesarrollo |
| 264 | 1 |
_aMadrid : _bTecnos _c1973 |
|
| 300 |
_a412 p. _c23 cm. |
||
| 505 | _a1. Modos de abordar el problema de subdesarrollo – 2. El contexto histórico – 3. El contexto teórico – 4. Economías externas y crecimiento equilibrado – 5. El subempleo y el desequilibrio factorial – 6. Modelos de desarrollo | ||
| 942 | _cBK | ||
| 590 | _aniveau_biblio:m niveau_hierar:0 | ||
| 100 | 1 | _aAgarwala, A.N. | |
| 700 | 1 | _aSingh, S.P. | |
| 999 |
_c6682 _d6682 |
||